|
|
|
|
| LEADER |
00962nam a2200241 a 4500 |
| 001 |
3910985 |
| 008 |
091125s1990 nyu b 001 0 eng d |
| 010 |
|
|
|a \\\91127840
|
| 020 |
|
|
|a 0745005322 (cased)
|
| 020 |
|
|
|a 0745005330 (pbk)
|
| 040 |
|
|
|a Uk
|c Uk
|d DLC
|
| 082 |
0 |
0 |
|a 331/.0941
|2 20
|
| 100 |
1 |
|
|a Marchington, Mick.
|
| 245 |
1 |
0 |
|a Changing patterns of employee relations /
|c Mick Marchington and Philip Parker.
|
| 260 |
|
|
|a New York :
|b Harvester Wheatsheaf,
|c c1990.
|
| 300 |
|
|
|a ix, 283 p. ;
|c 22 cm.
|
| 504 |
|
|
|a Includes bibliographical references (p. [259]-269) and index.
|
| 541 |
1 |
|
|e 00006471
|
| 650 |
|
0 |
|a Industrial relations
|z Great Britain.
|
| 700 |
1 |
|
|a Parker, Philip,
|d 1962-
|
| 852 |
4 |
|
|a Ayesha Abed Library
|j General shelf
|
| 999 |
|
|
|c 5825
|d 5825
|
| 952 |
|
|
|0 0
|1 0
|2 ddc
|4 0
|6 331_094100000000000_MAR_1990
|7 0
|9 5794
|a BRACUL
|b BRACUL
|c GEN
|d 2009-12-02
|g 0.00
|l 0
|o 331.0941 MAR
|p 3010006471
|r 2009-12-02
|t 1
|w 2009-12-02
|y BK
|x No price found in the accession register.
|